000 01232 a2200181 4500
003 NUST
005 20221213152344.0
020 _a817649030x
040 _cNust
082 _a303.3,GRE
100 _aGreene , Robert
_989094
245 _aThe 48 Laws of Power /
_cRobert Greene
260 _aNew Delhi
_bViVa Books
_c1999
300 _axxiii,450:p.;
505 _aNever Outshine the Master (Page-1), Never Put too Much Trust in friends (Page-8), Conceal your Intentions (Pge-16), Always say less than Necessary (Page-310, So Much depends on Reputation –Guard it with your Life (Pge-37), Court Attention at All Cost (Pge-44), Get Others to do the work for you, But Always tale the Credit (Page-56), Make Other People Come to you Use Bait if Necessary (Page-62) Infection: Avoid the unhappy and Unlucky (Page-76), Learn to keep People Dependent on you (Page-82), When Asking for Helf Appeal to People’s Self Interest Never to their Mercy or Gratitude (Page-95) Pose as a friend work as a SPY (Page-101), Crush your Enemy Totally (Page-107), Use Absence to Increase Respect and Honor (Page-115), Know who yours Dealing with-Donot offend the Wrong Person (Page-137).
650 _aPower
_9104755
942 _2ddc
_cBK
_k303.3,GRE
999 _c184630
_d184630